|
|
|
|
| LEADER |
01171nam a2200265 a 4500 |
| 001 |
12556742 |
| 008 |
090808s2001 ne a b 001 0 eng d |
| 010 |
|
|
|a 2001053883
|
| 020 |
|
|
|a 1402001355 (hb)
|
| 020 |
|
|
|a 1402001363 (pb)
|
| 040 |
|
|
|a DLC
|c DLC
|d DLC
|
| 082 |
0 |
0 |
|a 572.8/633/015118
|2 21
|
| 100 |
1 |
|
|a Koski, Timo.
|
| 245 |
1 |
0 |
|a Hidden Markov models for bioinformatics /
|c by Timo Koski.
|
| 260 |
|
|
|a Dordrecht ;
|a Boston :
|b Kluwer Academic Publishers ;
|a Norwell, MA :
|b Distributed in North, Central and South America by Kluwer Academic Publishers,
|c c2001.
|
| 300 |
|
|
|a xvii, 391 p. :
|b ill. ;
|c 25 cm.
|
| 490 |
|
0 |
|a Computational biology ;
|v v. 2
|
| 504 |
|
|
|a Includes bibliographical references and index.
|
| 541 |
1 |
|
|e 00010413
|
| 650 |
|
0 |
|a Nucleotide sequence
|x Mathematical models.
|
| 650 |
|
0 |
|a Nucleotide sequence
|x Statistical methods.
|
| 650 |
|
0 |
|a Markov processes.
|
| 852 |
4 |
|
|a Ayesha Abed Library
|j General shelf
|
| 999 |
|
|
|c 3104
|d 3104
|
| 952 |
|
|
|0 0
|1 0
|2 ddc
|4 0
|6 572_863301511800000_KOS
|7 0
|9 2815
|a BRACUL
|b BRACUL
|c GEN
|d 2009-08-30
|g 0.00
|l 1
|m 19
|o 572.8633015118 KOS
|p 3010010413
|r 2019-12-11
|s 2019-08-08
|t 1
|w 2009-08-30
|y BK
|x No price found in the accession register.
|